[Event "Fall 50 50 Pro-Am U2100"]
[Site "Guelph CAN"]
[Date "2007.11.04"]
[Round "5"]
[White "Saxena, Sanjay"]
[Black "Wang, Jesse BJ"]
[Result "0-1"]
[WhiteElo "1736"]
[BlackElo "1814"]
[PlyCount "93"]
[GameId "2160767910574508"]
[EventDate "2007.11.03"]
[EventType "swiss"]
[EventRounds "5"]
[EventCountry "CAN"]

1. e4 c5 2. Nf3 d6 3. d4 cxd4 4. Nxd4 Nf6 5. Nc3 a6 6. Be2 e6 7. Bg5 Be7 8. O-O O-O 9. Bf3 h6 10. Be3 Nbd7 11. Qe2 Ne5 12. Rad1 Qc7 13. Nb1 b5 14. c3 Bb7 15. Bc1 Nxf3+ 16. gxf3 Nd7 17. Kh1 d5 18. Rg1 Kh8 19. Rg4 dxe4 20. Rdg1 exf3 21. Qe3 Bg5 22. Rxg5 hxg5 23. Qxg5 Qe5 24. Qh4+ Kg8 25. Bh6 g6 26. Bf4 Qf6 27. Bg5 Qh8 28. Qg3 Nc5 29. Nd2 Ne4 30. Nxe4 Bxe4 31. Bf4 Rfe8 32. Be5 f6 33. Qf4 fxe5 34. Qxe4 exd4 35. Rxg6+ Kf7 36. Rg5 Qh6 37. Qxf3+ Qf6 38. Qh5+ Ke7 39. Qh7+ Kd6 40. Rg7 Re7 41. Rxe7 Qxe7 42. Qe4 Rd8 43. Qxd4+ Kc6 44. Qe4+ Kb6 45. Qe3+ Kb7 46. Qe4+ Ka7 47. Qe3+ 0-1

[Event "Fete du travail"]
[Site "Montreal CAN"]
[Date "2007.09.01"]
[Round "1"]
[White "Benoit, Sebastien"]
[Black "Gauthier, Denis"]
[Result "0-1"]
[WhiteElo "1880"]
[BlackElo "1980"]
[PlyCount "66"]
[GameId "2160767910579581"]
[EventDate "2007.09.01"]
[EventType "swiss"]
[EventRounds "5"]
[EventCountry "CAN"]
[SourceTitle "EXT 2022"]
[Source "ChessBase"]
[SourceDate "2021.10.06"]
[SourceVersion "1"]
[SourceVersionDate "2021.10.06"]
[SourceQuality "1"]

1. e4 c5 2. Nf3 e6 3. d4 cxd4 4. Nxd4 a6 5. Nc3 Qc7 6. Bd3 Nc6 7. Nde2 Nf6 8. O-O d6 9. Kh1 Be7 10. f4 O-O 11. Ng3 b5 12. a3 Bb7 13. f5 Ne5 14. Nh5 Nxh5 15. Qxh5 Bf6 16. Bd2 Rac8 17. Rae1 Nc4 18. Bxc4 Qxc4 19. Rf3 g6 20. Qg4 exf5 21. Rxf5 Bg7 22. Qg3 Rfe8 23. Rf2 Bxe4 24. Rfe2 d5 25. Qd6 Re6 26. Qd7 Rce8 27. Nxe4 dxe4 28. Rf2 f5 29. Bc1 e3 30. Rf3 f4 31. g3 Qe4 32. Kg2 g5 33. gxf4 g4 0-1

[Event "Fete du travail"]
[Site "Montreal CAN"]
[Date "2007.09.01"]
[Round "1"]
[White "Bouchard, Jean-Marc"]
[Black "Millette, Sylvain"]
[Result "1-0"]
[WhiteElo "1752"]
[BlackElo "1733"]
[PlyCount "150"]
[GameId "2160767910579582"]
[EventDate "2007.09.01"]
[EventType "swiss"]
[EventRounds "5"]
[EventCountry "CAN"]
[SourceTitle "EXT 2022"]
[Source "ChessBase"]
[SourceDate "2021.10.06"]
[SourceVersion "1"]
[SourceVersionDate "2021.10.06"]
[SourceQuality "1"]

1. e4 Nf6 2. Nc3 d5 3. exd5 Nxd5 4. Bc4 c6 5. Nge2 Bg4 6. f3 Bh5 7. O-O e6 8. d4 Nd7 9. Nf4 Nxf4 10. Bxf4 Nf6 11. Be5 Bd6 12. Re1 O-O 13. Bxf6 Qxf6 14. Ne4 Qe7 15. c3 Bg6 16. Qb3 Bxe4 17. Rxe4 b5 18. Bxe6 Qc7 19. Bf5 g6 20. Rg4 Kh8 21. Bd3 Bxh2+ 22. Kh1 Rae8 23. Qc2 Re6 24. Re4 Rfe8 25. Rae1 Rxe4 26. Rxe4 Rxe4 27. Bxe4 Bg3 28. Qd2 f5 29. Bc2 Qe7 30. Kg1 Qh4 31. Qe3 Qh2+ 32. Kf1 Qh1+ 33. Qg1 Qh6 34. Ke2 Qh2 35. Qf1 Qh4 36. Bb3 Qe7+ 37. Kd3 Bf4 38. a3 Qe3+ 39. Kc2 Qd2+ 40. Kb1 Kg7 41. g4 fxg4 42. fxg4 Qe3 43. d5 a5 44. dxc6 Qe5 45. Qg2 Kf6 46. Qf2 Kg5 47. Qf3 h5 48. gxh5 gxh5 49. Bd1 Kg6 50. c7 Qxc7 51. Qxh5+ Kf6 52. Qxb5 Qd8 53. Qe2 Qd7 54. Qa6+ Ke7 55. Bb3 Qf5+ 56. Ka2 Qe5 57. Bc4 Kd8 58. Qb7 Qc7 59. Qd5+ Kc8 60. Qa8+ Kd7 61. Bb5+ Kd6 62. c4 Kc5 63. Qd5+ Kb6 64. Qd4+ Kb7 65. Qd7 Qxd7 66. Bxd7 Bc7 67. b4 axb4 68. axb4 Kb8 69. Kb3 Bh2 70. Ka4 Bg3 71. Kb5 Be1 72. Kc5 Kc7 73. Bg4 Bf2+ 74. Kb5 Bg3 75. Bf3 Bf4 1-0

[Event "Fete du travail"]
[Site "Montreal CAN"]
[Date "2007.09.01"]
[Round "1"]
[White "Cote, Philippe"]
[Black "Gauthier, Luc"]
[Result "1-0"]
[WhiteElo "1704"]
[BlackElo "1684"]
[PlyCount "75"]
[GameId "2160767910579583"]
[EventDate "2007.09.01"]
[EventType "swiss"]
[EventRounds "5"]
[EventCountry "CAN"]
[SourceTitle "EXT 2022"]
[Source "ChessBase"]
[SourceDate "2021.10.06"]
[SourceVersion "1"]
[SourceVersionDate "2021.10.06"]
[SourceQuality "1"]

1. e4 Nc6 2. Nf3 d6 3. d4 Bg4 4. Be3 Nf6 5. Nc3 e6 6. h3 Bh5 7. Qd3 a6 8. a3 Bg6 9. Nd2 d5 10. f3 Be7 11. O-O-O Qd7 12. g4 dxe4 13. fxe4 Nd5 14. Nxd5 exd5 15. Qb3 dxe4 16. Bg2 O-O 17. Nxe4 Na5 18. Qc3 Qa4 19. h4 h6 20. h5 Bh7 21. g5 Nc4 22. gxh6 Nxe3 23. Qxe3 Rfe8 24. Qg3 g5 25. hxg6 Bxg6 26. Qf2 Kh7 27. Nc3 Bg5+ 28. Kb1 Qb3 29. Bd5 Qxc2+ 30. Qxc2 Bxc2+ 31. Kxc2 c6 32. Be4+ Kh8 33. Rdf1 f6 34. Kd3 Rad8 35. Ne2 c5 36. d5 Re5 37. Nf4 Rde8 38. Ng6+ 1-0

[Event "Fete du travail"]
[Site "Montreal CAN"]
[Date "2007.09.01"]
[Round "1"]
[White "Dorval, Hugo"]
[Black "Zir Mohamed, Bachir"]
[Result "0-1"]
[WhiteElo "1426"]
[BlackElo "1424"]
[PlyCount "37"]
[GameId "2160767910579584"]
[EventDate "2007.09.01"]
[EventType "swiss"]
[EventRounds "5"]
[EventCountry "CAN"]
[SourceTitle "EXT 2022"]
[Source "ChessBase"]
[SourceDate "2021.10.06"]
[SourceVersion "1"]
[SourceVersionDate "2021.10.06"]
[SourceQuality "1"]

1. e4 c5 2. Nf3 d6 3. d4 cxd4 4. Nxd4 Nc6 5. Bc4 g6 6. c3 Bg7 7. f4 Nf6 8. Qc2 O-O 9. O-O a6 10. Nd2 Ng4 11. Nxc6 bxc6 12. Nf3 Qb6+ 13. Kh1 Bb7 14. h3 Nf6 15. Bd2 c5 16. Bd3 Rab8 17. Be3 Qd8 18. Nd2 d5 19. Nf3 0-1

[Event "Fete du travail"]
[Site "Montreal CAN"]
[Date "2007.09.01"]
[Round "1"]
[White "Houska, Jiri"]
[Black "Tremblay, Sigfrid"]
[Result "1-0"]
[WhiteElo "2144"]
[BlackElo "1926"]
[PlyCount "103"]
[GameId "2160767910579585"]
[EventDate "2007.09.01"]
[EventType "swiss"]
[EventRounds "5"]
[EventCountry "CAN"]
[SourceTitle "EXT 2022"]
[Source "ChessBase"]
[SourceDate "2021.10.06"]
[SourceVersion "1"]
[SourceVersionDate "2021.10.06"]
[SourceQuality "1"]

1. e4 d6 2. d4 Nf6 3. Nc3 g6 4. Be3 Bg7 5. Qd2 c6 6. Bh6 Bxh6 7. Qxh6 Qa5 8. Bd3 Be6 9. Nge2 b5 10. e5 Nd5 11. exd6 Nxc3 12. Nxc3 exd6 13. Qg7 Rf8 14. O-O Nd7 15. d5 cxd5 16. Nxb5 Ke7 17. Nd4 Qb6 18. Nxe6 Kxe6 19. c4 Ne5 20. cxd5+ Kd7 21. Bc2 Qxb2 22. Ba4+ Ke7 23. Qh6 Qd4 24. Bc6 Rab8 25. Rad1 Qc5 26. Rc1 Qd4 27. Rfd1 Qxf2+ 28. Kxf2 Ng4+ 29. Kg1 Nxh6 30. Rd4 f5 31. Ra4 Kf6 32. Rxa7 Rf7 33. Rxf7+ Nxf7 34. a4 Ne5 35. a5 Ke7 36. a6 Nxc6 37. dxc6 Ra8 38. a7 Kd8 39. Ra1 Kc7 40. Ra6 g5 41. Kf2 d5 42. Ke3 Kd6 43. Kd4 f4 44. c7+ Kxc7 45. Rh6 Rh8 46. Rxh7+ Rxh7 47. a8=Q Rxh2 48. Qa5+ Kc8 49. Qc5+ Kb8 50. Qb6+ Kc8 51. Qe6+ Kb8 52. Qe5+ 1-0

[Event "Fete du travail"]
[Site "Montreal CAN"]
[Date "2007.09.01"]
[Round "1"]
[White "Lefebvre, Gabriel"]
[Black "Turcotte, Jonathan"]
[Result "0-1"]
[WhiteElo "1490"]
[BlackElo "1367"]
[PlyCount "66"]
[GameId "2160767910579587"]
[EventDate "2007.09.01"]
[EventType "swiss"]
[EventRounds "5"]
[EventCountry "CAN"]
[SourceTitle "EXT 2022"]
[Source "ChessBase"]
[SourceDate "2021.10.06"]
[SourceVersion "1"]
[SourceVersionDate "2021.10.06"]
[SourceQuality "1"]

1. e4 d6 2. c4 Nf6 3. Nc3 g6 4. d4 Bg7 5. f3 O-O 6. Be3 e5 7. d5 Nh5 8. g4 Nf4 9. Qd2 Qh4+ 10. Bf2 Qe7 11. O-O-O Nd7 12. h4 h6 13. Nge2 Nxe2+ 14. Nxe2 f5 15. gxf5 gxf5 16. Ng3 fxe4 17. fxe4 Nf6 18. Bh3 Ng4 19. Bxg4 Bxg4 20. Rdg1 Kh7 21. Nf1 Bf3 22. Rh3 Bxe4 23. Rhg3 Rf7 24. Qe2 Bf5 25. Ne3 Bd7 26. Qc2+ Kh8 27. Be1 Bf6 28. Rg6 Bg7 29. Qe2 Raf8 30. Qh5 Kh7 31. Ng4 Bxg4 32. Qxg4 Rg8 33. Rxh6+ Bxh6+ 0-1

[Event "Fete du travail"]
[Site "Montreal CAN"]
[Date "2007.09.01"]
[Round "1"]
[White "Lemieux, Serge"]
[Black "Germain, Max"]
[Result "1-0"]
[WhiteElo "1517"]
[BlackElo "1606"]
[PlyCount "71"]
[GameId "2160767910579588"]
[EventDate "2007.09.01"]
[EventType "swiss"]
[EventRounds "5"]
[EventCountry "CAN"]
[SourceTitle "EXT 2022"]
[Source "ChessBase"]
[SourceDate "2021.10.06"]
[SourceVersion "1"]
[SourceVersionDate "2021.10.06"]
[SourceQuality "1"]

1. d4 Nf6 2. c4 e6 3. Nc3 Bb4 4. Bg5 O-O 5. e4 d6 6. Bd3 Nbd7 7. Nf3 h6 8. Bh4 Qe8 9. O-O Bxc3 10. bxc3 e5 11. Qc2 Nh7 12. a4 g5 13. Bg3 h5 14. h3 f6 15. a5 h4 16. Bh2 Qh5 17. Be2 Qh6 18. Kh1 Nb8 19. Ng1 f5 20. dxe5 f4 21. exd6 Qxd6 22. Bg4 Bxg4 23. hxg4 Nf6 24. g3 Qe5 25. Rfb1 Na6 26. Rxb7 Nc5 27. Rbb1 a6 28. Ne2 Ne6 29. Bg1 c5 30. Nc1 Ra7 31. Nd3 Qc7 32. Rb6 Re8 33. Qa4 h3 34. gxf4 Qh7 35. Kh2 Nxe4 36. Qxe8+ 1-0

[Event "Fete du travail"]
[Site "Montreal CAN"]
[Date "2007.09.01"]
[Round "1"]
[White "Mercier, Jean-Guy"]
[Black "Maharisoa, Tantely"]
[Result "1-0"]
[WhiteElo "1594"]
[BlackElo "1551"]
[PlyCount "97"]
[GameId "2160767910579589"]
[EventDate "2007.09.01"]
[EventType "swiss"]
[EventRounds "5"]
[EventCountry "CAN"]
[SourceTitle "EXT 2022"]
[Source "ChessBase"]
[SourceDate "2021.10.06"]
[SourceVersion "1"]
[SourceVersionDate "2021.10.06"]
[SourceQuality "1"]

1. b4 e6 2. Bb2 Nf6 3. b5 b6 4. e3 Bb7 5. Nf3 Be7 6. Be2 d6 7. O-O O-O 8. c4 Nbd7 9. d4 c5 10. bxc6 Bxc6 11. Nc3 Re8 12. d5 Bb7 13. e4 Rc8 14. Nd4 Bf8 15. f3 Nc5 16. Ncb5 Ra8 17. a4 a6 18. Na3 Qd7 19. Nb1 g6 20. Nxe6 fxe6 21. Bxf6 e5 22. Nc3 Bh6 23. Rb1 Be3+ 24. Kh1 g5 25. f4 gxf4 26. Bg4 Qf7 27. Bh4 Rf8 28. Rxb6 Bc8 29. Rxd6 Qg7 30. Bxc8 Raxc8 31. Bf2 Bd4 32. Bxd4 exd4 33. Ne2 Nxe4 34. Re6 Ng5 35. Nxd4 Rxc4 36. Nf3 Nxe6 37. dxe6 Rc7 38. Qd5 Re7 39. Ne5 Qf6 40. Nd7 Qxe6 41. Qxe6+ Rxe6 42. Nxf8 Kxf8 43. Rxf4+ Kg7 44. Kg1 h6 45. Kf2 Rf6 46. Kf3 Kg6 47. Rxf6+ Kxf6 48. Ke4 Ke6 49. g4 1-0

[Event "Fete du travail"]
[Site "Montreal CAN"]
[Date "2007.09.01"]
[Round "1"]
[White "Messier, Samuel"]
[Black "Noriega, Harold"]
[Result "0-1"]
[WhiteElo "1643"]
[BlackElo "1810"]
[PlyCount "40"]
[GameId "2160767910579590"]
[EventDate "2007.09.01"]
[EventType "swiss"]
[EventRounds "5"]
[EventCountry "CAN"]
[SourceTitle "EXT 2022"]
[Source "ChessBase"]
[SourceDate "2021.10.06"]
[SourceVersion "1"]
[SourceVersionDate "2021.10.06"]
[SourceQuality "1"]

1. e4 c5 2. Nf3 d6 3. d4 cxd4 4. Nxd4 Nf6 5. Nc3 a6 6. Bg5 Nbd7 7. f4 b5 8. Be2 b4 9. Na4 Nxe4 10. Bf3 Bb7 11. O-O h6 12. Bh4 g5 13. Ne6 Qa5 14. fxg5 fxe6 15. Bxe4 Bxe4 16. Qd4 Qe5 17. Qxb4 Bg7 18. Bg3 Qd4+ 19. Qxd4 Bxd4+ 20. Kh1 Bxc2 0-1

[Event "Fete du travail"]
[Site "Montreal CAN"]
[Date "2007.09.01"]
[Round "1"]
[White "Teasdale, Alain"]
[Black "Plante, Marc-Eric"]
[Result "0-1"]
[WhiteElo "1578"]
[BlackElo "1625"]
[PlyCount "138"]
[GameId "2160767910579591"]
[EventDate "2007.09.01"]
[EventType "swiss"]
[EventRounds "5"]
[EventCountry "CAN"]
[SourceTitle "EXT 2022"]
[Source "ChessBase"]
[SourceDate "2021.10.06"]
[SourceVersion "1"]
[SourceVersionDate "2021.10.06"]
[SourceQuality "1"]

1. e4 c5 2. Nf3 d6 3. d4 cxd4 4. Nxd4 Nf6 5. Nc3 a6 6. Be2 e6 7. O-O Be7 8. f4 O-O 9. Kh1 Qc7 10. Qe1 Nc6 11. Be3 Nxd4 12. Bxd4 b5 13. a3 Bb7 14. e5 Ne8 15. Bd3 g6 16. f5 exf5 17. Bxf5 dxe5 18. Bxe5 Bd6 19. Bxd6 Nxd6 20. Qg3 Ne8 21. Qxc7 Nxc7 22. Bd3 Ne6 23. Ne4 Bxe4 24. Bxe4 Rad8 25. Rad1 Rd4 26. Rxd4 Nxd4 27. Rd1 Ne6 28. Kg1 Kg7 29. b4 Rc8 30. Rd6 Ng5 31. Bd3 Ne6 32. Kf2 Rc3 33. Rxa6 Nd4 34. h4 Nxc2 35. Bxc2 Rxc2+ 36. Kg3 Rc3+ 37. Kh2 h6 38. g3 Rc2+ 39. Kh3 Rc3 40. Ra5 Rd3 41. Rxb5 Rxa3 42. Rb8 Rb3 43. b5 h5 44. b6 Rb1 45. b7 Rb2 46. g4 Rb3+ 47. Kg2 hxg4 48. Kg1 f5 49. Kg2 f4 50. Kf2 Rb2+ 51. Kf1 Rb3 52. Kg2 Rb2+ 53. Kg1 g3 54. Ra8 Rxb7 55. Ra4 f3 56. Ra1 Rb4 57. Rf1 Rb3 58. Ra1 Kh6 59. Rc1 Kh5 60. Ra1 Kxh4 61. Rd1 Kh3 62. Rf1 f2+ 63. Rxf2 gxf2+ 64. Kxf2 Kg4 65. Ke2 Kf4 66. Kd2 Ke4 67. Kc2 Rh3 68. Kb2 Kd4 69. Ka2 Kc4 0-1

[Event "Fete du travail"]
[Site "Montreal CAN"]
[Date "2007.09.01"]
[Round "2"]
[White "Bouchard, Jean-Marc"]
[Black "Cote, Philippe"]
[Result "1-0"]
[WhiteElo "1752"]
[BlackElo "1704"]
[PlyCount "76"]
[GameId "2160767910579592"]
[EventDate "2007.09.01"]
[EventType "swiss"]
[EventRounds "5"]
[EventCountry "CAN"]
[SourceTitle "EXT 2022"]
[Source "ChessBase"]
[SourceDate "2021.10.06"]
[SourceVersion "1"]
[SourceVersionDate "2021.10.06"]
[SourceQuality "1"]

1. e4 d6 2. d4 Nf6 3. Nc3 g6 4. f4 Bg7 5. Nf3 c5 6. dxc5 Qa5 7. Bd3 Qxc5 8. Qe2 Bg4 9. a3 O-O 10. Be3 Qa5 11. O-O Nc6 12. b4 Qd8 13. Rad1 Nd7 14. Nb1 Bxf3 15. Qxf3 Rc8 16. Nd2 Nd4 17. Bxd4 Bxd4+ 18. Kh1 e6 19. Nb3 Bg7 20. Bb5 Nf6 21. e5 Nd5 22. c4 Qb6 23. exd6 Nc3 24. a4 Nxd1 25. Rxd1 a6 26. c5 Qd8 27. Bf1 Qd7 28. b5 axb5 29. Bxb5 Qd8 30. Qxb7 Qf6 31. Qf3 e5 32. d7 Rcd8 33. c6 e4 34. Qxe4 Qc3 35. Qd3 Qb4 36. g3 Qe7 37. c7 Qb4 38. cxd8=Q Rxd8 1-0

[Event "Fete du travail"]
[Site "Montreal CAN"]
[Date "2007.09.01"]
[Round "2"]
[White "Carrier, Claude"]
[Black "Tremblay, Sigfrid"]
[Result "1-0"]
[WhiteElo "1928"]
[BlackElo "1926"]
[PlyCount "71"]
[GameId "2160767910579593"]
[EventDate "2007.09.01"]
[EventType "swiss"]
[EventRounds "5"]
[EventCountry "CAN"]
[SourceTitle "EXT 2022"]
[Source "ChessBase"]
[SourceDate "2021.10.06"]
[SourceVersion "1"]
[SourceVersionDate "2021.10.06"]
[SourceQuality "1"]

1. e4 d6 2. d4 Nf6 3. Nc3 g6 4. f4 Bg7 5. Nf3 c5 6. dxc5 Qa5 7. Bd3 Qxc5 8. Qe2 Nc6 9. Be3 Qa5 10. O-O Ng4 11. Bd2 Qc5+ 12. Kh1 O-O 13. h3 Nh6 14. Rab1 Nd4 15. Nxd4 Bxd4 16. Nd5 Nf5 17. Kh2 Be6 18. Bb4 Qc8 19. exf5 Bxd5 20. fxg6 Qe6 21. gxh7+ Kh8 22. Qh5 Be4 23. Rbe1 d5 24. c4 Qg6 25. Qxg6 fxg6 26. Bxe4 dxe4 27. Rxe4 Bxb2 28. Rxe7 Bg7 29. Rxb7 Rfb8 30. Rxb8+ Rxb8 31. Bd6 Rb2 32. c5 Rxa2 33. c6 Rc2 34. c7 a5 35. Rb1 Kxh7 36. Rb8 1-0

[Event "Fete du travail"]
[Site "Montreal CAN"]
[Date "2007.09.01"]
[Round "2"]
[White "Gauthier, Denis"]
[Black "Houska, Jiri"]
[Result "1/2-1/2"]
[WhiteElo "1980"]
[BlackElo "2144"]
[PlyCount "31"]
[GameId "2160767910579594"]
[EventDate "2007.09.01"]
[EventType "swiss"]
[EventRounds "5"]
[EventCountry "CAN"]
[SourceTitle "EXT 2022"]
[Source "ChessBase"]
[SourceDate "2021.10.06"]
[SourceVersion "1"]
[SourceVersionDate "2021.10.06"]
[SourceQuality "1"]

1. d4 Nf6 2. c4 g6 3. Nc3 Bg7 4. Nf3 O-O 5. Bf4 d5 6. e3 c5 7. dxc5 Qa5 8. Rc1 dxc4 9. Bxc4 Qxc5 10. Bb3 Nc6 11. O-O Qa5 12. Qe2 Bg4 13. h3 Bxf3 14. Qxf3 Rad8 15. Rfd1 Rxd1+ 16. Rxd1 1/2-1/2

[Event "Fete du travail"]
[Site "Montreal CAN"]
[Date "2007.09.01"]
[Round "2"]
[White "Gauthier, Luc"]
[Black "Messier, Samuel"]
[Result "1/2-1/2"]
[WhiteElo "1684"]
[BlackElo "1643"]
[PlyCount "65"]
[GameId "2160767910579595"]
[EventDate "2007.09.01"]
[EventType "swiss"]
[EventRounds "5"]
[EventCountry "CAN"]
[SourceTitle "EXT 2022"]
[Source "ChessBase"]
[SourceDate "2021.10.06"]
[SourceVersion "1"]
[SourceVersionDate "2021.10.06"]
[SourceQuality "1"]

1. e4 c6 2. d4 d5 3. exd5 cxd5 4. Bd3 Nc6 5. c3 Nf6 6. Bf4 e6 7. Nf3 Bd6 8. Ne5 Qc7 9. Bb5 O-O 10. Nd2 Nxe5 11. dxe5 Bxe5 12. Be3 Bd7 13. Bd3 Rfe8 14. Nf3 Bf4 15. O-O Bxe3 16. fxe3 e5 17. Ng5 h6 18. Rxf6 gxf6 19. Nh7 e4 20. Nxf6+ Kg7 21. Nxe8+ Rxe8 22. Bc2 Re5 23. Qd4 f6 24. Rf1 b6 25. Rf4 Be6 26. Bb3 Qd8 27. Bc2 Bf5 28. Bb3 Bg6 29. c4 Bf7 30. Rg4+ Kf8 31. Rf4 Kg7 32. Rg4+ Kf8 33. Rf4 1/2-1/2

[Event "Fete du travail"]
[Site "Montreal CAN"]
[Date "2007.09.01"]
[Round "2"]
[White "Lefebvre, Gabriel"]
[Black "Dorval, Hugo"]
[Result "1-0"]
[WhiteElo "1490"]
[BlackElo "1426"]
[PlyCount "75"]
[GameId "2160767910579597"]
[EventDate "2007.09.01"]
[EventType "swiss"]
[EventRounds "5"]
[EventCountry "CAN"]
[SourceTitle "EXT 2022"]
[Source "ChessBase"]
[SourceDate "2021.10.06"]
[SourceVersion "1"]
[SourceVersionDate "2021.10.06"]
[SourceQuality "1"]

1. e4 c5 2. Nf3 d6 3. d4 cxd4 4. Nxd4 Nc6 5. c4 g6 6. Nc3 Bg7 7. Be3 Nf6 8. Be2 O-O 9. O-O a6 10. f3 Qc7 11. Qd2 Bd7 12. Rfd1 Rac8 13. Rac1 e5 14. Nxc6 Bxc6 15. Qxd6 Qxd6 16. Rxd6 Ne8 17. Rd2 Nc7 18. Nd5 Ne6 19. Ne7+ Kh8 20. Nxc8 Rxc8 21. Rcd1 Nd4 22. Bxd4 exd4 23. b3 Rd8 24. Kf2 Bd7 25. Rxd4 Bxd4+ 26. Rxd4 Kg7 27. f4 Kf8 28. Bg4 Ke8 29. Bxd7+ Rxd7 30. Rxd7 Kxd7 31. Ke3 f6 32. Kd4 Kd6 33. e5+ fxe5+ 34. fxe5+ Ke6 35. Ke4 h6 36. a3 b6 37. b4 h5 38. h4 1-0

[Event "Fete du travail"]
[Site "Montreal CAN"]
[Date "2007.09.01"]
[Round "2"]
[White "Maharisoa, Tantely"]
[Black "Germain, Max"]
[Result "1/2-1/2"]
[WhiteElo "1551"]
[BlackElo "1606"]
[PlyCount "46"]
[GameId "2160767910579598"]
[EventDate "2007.09.01"]
[EventType "swiss"]
[EventRounds "5"]
[EventCountry "CAN"]
[SourceTitle "EXT 2022"]
[Source "ChessBase"]
[SourceDate "2021.10.06"]
[SourceVersion "1"]
[SourceVersionDate "2021.10.06"]
[SourceQuality "1"]

1. d4 Nf6 2. c4 d6 3. Nf3 e6 4. e3 b6 5. Bd3 Bb7 6. Nc3 Nbd7 7. b3 c5 8. Bb2 cxd4 9. exd4 d5 10. O-O dxc4 11. bxc4 Bb4 12. d5 O-O 13. dxe6 fxe6 14. Bc2 Nc5 15. Qe2 Bxc3 16. Bxc3 Bxf3 17. gxf3 Nfd7 18. Kh1 e5 19. Rg1 Qe7 20. Rg3 Rad8 21. Qe3 Qf6 22. f4 Qxf4 23. Qxf4 Rxf4 1/2-1/2

[Event "Fete du travail"]
[Site "Montreal CAN"]
[Date "2007.09.01"]
[Round "2"]
[White "Mercier, Jean-Guy"]
[Black "Teasdale, Alain"]
[Result "1-0"]
[WhiteElo "1594"]
[BlackElo "1578"]
[PlyCount "89"]
[GameId "2160767910579599"]
[EventDate "2007.09.01"]
[EventType "swiss"]
[EventRounds "5"]
[EventCountry "CAN"]
[SourceTitle "EXT 2022"]
[Source "ChessBase"]
[SourceDate "2021.10.06"]
[SourceVersion "1"]
[SourceVersionDate "2021.10.06"]
[SourceQuality "1"]

1. b4 e5 2. Bb2 Bxb4 3. Bxe5 Nf6 4. e3 O-O 5. c4 Re8 6. Bb2 d5 7. cxd5 Nxd5 8. Nf3 Nf4 9. Ne5 Bf5 10. exf4 Nd7 11. Be2 Nxe5 12. fxe5 Qg5 13. O-O Rad8 14. f4 Qg6 15. d4 Bc2 16. Qc1 Be4 17. Bf3 Bd3 18. Rf2 b6 19. Qd1 c5 20. d5 c4 21. Kh1 Bc5 22. Rd2 Be3 23. g3 Bxd2 24. Nxd2 b5 25. Bc3 Qb6 26. Qg1 Qxg1+ 27. Kxg1 Rb8 28. a3 h6 29. Be4 Bxe4 30. Nxe4 Ra8 31. Ba5 Kh7 32. Nd6 Re7 33. Nxb5 Rb8 34. Nd6 Rd7 35. Rd1 Kg6 36. Nxc4 Kf5 37. Bb4 Kg4 38. Kg2 Rc8 39. Rc1 Kh5 40. d6 Rc6 41. g4+ Kg6 42. f5+ Kh7 43. e6 fxe6 44. fxe6 Rdxd6 45. Bxd6 1-0

[Event "Fete du travail"]
[Site "Montreal CAN"]
[Date "2007.09.01"]
[Round "2"]
[White "Millette, Sylvain"]
[Black "Noriega, Harold"]
[Result "1/2-1/2"]
[WhiteElo "1733"]
[BlackElo "1810"]
[PlyCount "47"]
[GameId "2160767910579600"]
[EventDate "2007.09.01"]
[EventType "swiss"]
[EventRounds "5"]
[EventCountry "CAN"]
[SourceTitle "EXT 2022"]
[Source "ChessBase"]
[SourceDate "2021.10.06"]
[SourceVersion "1"]
[SourceVersionDate "2021.10.06"]
[SourceQuality "1"]

1. Nf3 Nf6 2. g3 g6 3. Bg2 Bg7 4. d4 O-O 5. O-O d6 6. c4 Nc6 7. Nc3 e5 8. d5 Ne7 9. e4 h6 10. h3 b6 11. b4 a5 12. b5 Nh7 13. a4 Qe8 14. Nh4 g5 15. Nf3 g4 16. hxg4 Bxg4 17. Qd3 f5 18. exf5 Nxf5 19. Nh2 h5 20. Ne4 Nd4 21. Nxg4 hxg4 22. Ng5 Nxg5 23. Bxg5 Qh5 24. Bh4 1/2-1/2

[Event "Fete du travail"]
[Site "Montreal CAN"]
[Date "2007.09.01"]
[Round "2"]
[White "Plante, Marc-Eric"]
[Black "Lemieux, Serge"]
[Result "1-0"]
[WhiteElo "1625"]
[BlackElo "1517"]
[PlyCount "103"]
[GameId "2160767910579601"]
[EventDate "2007.09.01"]
[EventType "swiss"]
[EventRounds "5"]
[EventCountry "CAN"]
[SourceTitle "EXT 2022"]
[Source "ChessBase"]
[SourceDate "2021.10.06"]
[SourceVersion "1"]
[SourceVersionDate "2021.10.06"]
[SourceQuality "1"]

1. e4 e5 2. Nf3 Nc6 3. Bb5 a6 4. Ba4 d6 5. O-O Bd7 6. c3 Nf6 7. Re1 Be7 8. d4 b5 9. Bb3 h6 10. Bd5 Rb8 11. Bxc6 Bxc6 12. dxe5 Nxe4 13. exd6 cxd6 14. Bf4 Rc8 15. Nd4 d5 16. Nf5 O-O 17. Nd2 Bc5 18. Nxe4 dxe4 19. Qg4 Qf6 20. Nxh6+ Kh7 21. Nf5 Bd7 22. Qh4+ Qxh4 23. Nxh4 f6 24. Be3 Bxe3 25. Rxe3 g5 26. Rxe4 Bc6 27. Re7+ Kg8 28. Nf5 Rce8 29. Rae1 Bd7 30. Rxe8 Rxe8 31. Rxe8+ Bxe8 32. Nd6 Bd7 33. Ne4 Kf7 34. f3 Ke7 35. Kf2 a5 36. Ke3 g4 37. Nc5 Bc6 38. fxg4 Bxg2 39. Nb3 a4 40. Nd4 Bf1 41. Kf4 Bc4 42. a3 Bd3 43. h4 Kf7 44. g5 Kg6 45. h5+ Kxh5 46. gxf6 Kg6 47. Ke5 Kf7 48. Kd6 Kxf6 49. Kc5 Bg6 50. Kxb5 Be8+ 51. Kb4 Ke5 52. Nb5 1-0

[Event "Fete du travail"]
[Site "Montreal CAN"]
[Date "2007.09.01"]
[Round "2"]
[White "Zir Mohamed, Bachir"]
[Black "Chesnut, Walter"]
[Result "1-0"]
[WhiteElo "1424"]
[BlackElo "1484"]
[PlyCount "61"]
[GameId "2160767910579602"]
[EventDate "2007.09.01"]
[EventType "swiss"]
[EventRounds "5"]
[EventCountry "CAN"]
[SourceTitle "EXT 2022"]
[Source "ChessBase"]
[SourceDate "2021.10.06"]
[SourceVersion "1"]
[SourceVersionDate "2021.10.06"]
[SourceQuality "1"]

1. e4 c5 2. Nf3 d6 3. d4 cxd4 4. Nxd4 Nf6 5. Nc3 a6 6. Be2 e5 7. Nf3 h6 8. O-O Be6 9. Be3 b5 10. a3 Be7 11. Qd2 Ng4 12. Rad1 Nd7 13. h3 Nxe3 14. Qxe3 Nb6 15. Nxe5 Qc7 16. Nf3 O-O 17. Nd5 Nxd5 18. exd5 Bf5 19. Nd4 Bh7 20. Bd3 Bf6 21. c3 Bxd4 22. Qxd4 Bxd3 23. Qxd3 Rfe8 24. Rfe1 Re7 25. Re4 Rae8 26. Rde1 Kf8 27. Kf1 Rxe4 28. Rxe4 Rxe4 29. Qxe4 Qc4+ 30. Qxc4 bxc4 31. Ke2 1-0